[Event "?"]
[Site "?"]
[Date "2004.03.25"]
[Round "5.2"]
[White "Cramling, P."]
[Black "Mkrtchian, L."]
[Result "1/2-1/2"]
[WhiteElo "2488"]
[BlackElo "2395"]
[PlyCount "39"]
[EventDate "2004.??.??"]

1. d4 e6 2. c4 Nf6 3. Nf3 d5 4. Nc3 dxc4 5. e4 Bb4 6. Bg5 c5 7. Bxc4 cxd4 8.
Nxd4 Bxc3+ 9. bxc3 Qa5 10. Bb5+ Bd7 11. Bxf6 gxf6 12. Qb3 O-O 13. O-O Bxb5 14.
Nxb5 Nc6 15. c4 Rad8 16. Qg3+ Kh8 17. Qh4 Kg7 18. Qg3+ Kh8 19. Qh4 Kg7 20. Qg3+
1/2-1/2

[Event "?"]
[Site "?"]
[Date "2004.03.25"]
[Round "5.3"]
[White "Lomineishvili, M."]
[Black "Danielian, E."]
[Result "1/2-1/2"]
[WhiteElo "2397"]
[BlackElo "2428"]
[PlyCount "61"]
[EventDate "2004.??.??"]

1. d4 d5 2. c4 dxc4 3. e3 e6 4. Bxc4 c5 5. Nf3 a6 6. O-O Nf6 7. Bd3 Nbd7 8. Re1
b5 9. a4 bxa4 10. Qxa4 cxd4 11. exd4 Bb7 12. Ne5 Bd6 13. Bg5 O-O 14. Qc2 h6 15.
Bh4 Qc7 16. Qxc7 Bxc7 17. Nd2 Nxe5 18. dxe5 Nd7 19. Nc4 Rfb8 20. Be7 Bd5 21. f4
Rb3 22. Ra3 Bxc4 23. Bxc4 Rxb2 24. Rxa6 Rxa6 25. Bxa6 Bb6+ 26. Kh1 Nb8 27. Bd3
Nc6 28. Bh4 Bf2 29. Rc1 Bxh4 30. Rxc6 Be7 31. Rc8+ 1/2-1/2

[Event "?"]
[Site "?"]
[Date "2004.03.25"]
[Round "5.4"]
[White "Pogonina, N."]
[Black "Kosintseva, N."]
[Result "1/2-1/2"]
[WhiteElo "2385"]
[BlackElo "2425"]
[PlyCount "131"]
[EventDate "2004.??.??"]

1. e4 e5 2. Nf3 Nf6 3. Nc3 d6 4. d4 Nbd7 5. Bc4 Be7 6. O-O O-O 7. Re1 a6 8. a4
b6 9. b3 Bb7 10. Bb2 c6 11. Bd3 Qc7 12. Ne2 Rfe8 13. Ng3 Bf8 14. c3 b5 15. Qc2
g6 16. Bf1 Bg7 17. h3 Nf8 18. c4 bxa4 19. Rxa4 c5 20. d5 Bc8 21. Bc3 Qe7 22.
Bd2 Rb8 23. Ra3 Kh8 24. Bg5 h6 25. Bd2 Ng8 26. Bd3 h5 27. h4 Bh6 28. Ng5 f6 29.
Nf3 Bxd2 30. Qxd2 Kg7 31. Rb1 Nh6 32. Ra4 Nd7 33. Ra5 Rb6 34. Bc2 Rf8 35. Ra3
Nb8 36. Rba1 Bg4 37. Qc3 Bxf3 38. Qxf3 f5 39. exf5 Qxh4 40. Kf1 Qg5 41. f6+
Qxf6 42. Qxf6+ Kxf6 43. Ne4+ Ke7 44. Ke2 Nf5 45. Kd3 Nd4 46. f3 Rb7 47. Kc3 Rd7
48. Ng5 Kf6 49. Ne4+ Ke7 50. Bd3 Rb7 51. Bc2 g5 52. Rh1 Rh8 53. Nxg5 Kf8 54.
Rh2 Rg7 55. Ne6+ Nxe6 56. dxe6 Ke7 57. Bf5 Kf6 58. g4 h4 59. Rh3 Kg5 60. Ra1
Rb7 61. Rd1 Rd8 62. Rdh1 Rh8 63. Rd1 Rd8 64. Rdh1 Rh8 65. Rd1 Rd8 66. Rdh1
1/2-1/2

[Event "?"]
[Site "?"]
[Date "2004.03.25"]
[Round "5.6"]
[White "Ciuksyte, D."]
[Black "Kosintseva, T."]
[Result "0-1"]
[WhiteElo "2392"]
[BlackElo "2447"]
[PlyCount "170"]
[EventDate "2004.??.??"]

1. e4 c5 2. Nf3 d6 3. d4 cxd4 4. Nxd4 a6 5. c4 b6 6. Nc3 Bb7 7. Be2 Nf6 8. f3
e6 9. O-O Be7 10. Be3 O-O 11. Qd2 Nbd7 12. Rfd1 Rc8 13. Rac1 Qc7 14. Bf1 Qb8
15. Kh1 Rfe8 16. a3 Bd8 17. Rc2 Bc7 18. Bg1 Ne5 19. b4 Rcd8 20. Qf2 Ng6 21. b5
a5 22. Nc6 Bxc6 23. bxc6 Qa8 24. Nb5 Re7 25. Rcd2 Ne8 26. Rb2 Ne5 27. Qh4 Nxc6
28. Nxc7 Nxc7 29. Bxb6 Red7 30. Qg3 e5 31. Qg4 Qc8 32. Rbd2 Qb7 33. Rb1 Ne6 34.
Rb5 Ra8 35. g3 Qc8 36. Bh3 Ncd4 37. Bxd4 Qxc4 38. Rb1 exd4 39. Bf1 Qc5 40. f4
Rc7 41. f5 Nf8 42. Rbd1 Qxa3 43. Rxd4 Rc6 44. Bb5 Rc1 45. Rxd6 Qxd6 46. Rxc1 a4
47. Qf4 Qb6 48. Bc4 a3 49. Qd2 Qb2 50. Rc2 Qa1+ 51. Kg2 Qf6 52. Bd5 Rb8 53. Qc3
Rb2 54. Kf3 Rxc2 55. Qxc2 g6 56. Ba2 gxf5 57. exf5 Ng6 58. Kg2 Ne7 59. Qb3 Qb2+
60. Qxb2 axb2 61. Bb1 Nd5 62. Kf3 Nc3 63. Bc2 b1=Q 64. Bxb1 Nxb1 65. g4 Kg7 66.
Kf4 h6 67. Ke5 Nd2 68. h3 Nf3+ 69. Kf4 Nd4 70. Ke4 Nb5 71. Ke5 Nc7 72. Kd6 Ne8+
73. Ke5 Nf6 74. Kf4 Nh7 75. Kf3 h5 76. Kg3 Kf6 77. Kh4 hxg4 78. hxg4 Ng5 79.
Kh5 Ne4 80. Kh6 Ke5 81. Kg7 Ng5 82. Kh6 Kf4 83. Kh5 Nf3 84. f6 Ng5 85. Kh4 Ne4
0-1

[Event "?"]
[Site "?"]
[Date "2004.03.25"]
[Round "5.7"]
[White "Stepovaia, T."]
[Black "Peptan, C."]
[Result "0-1"]
[WhiteElo "2374"]
[BlackElo "2439"]
[PlyCount "134"]
[EventDate "2004.??.??"]

1. e4 c5 2. Nf3 d6 3. Bb5+ Nd7 4. d4 cxd4 5. Qxd4 Ngf6 6. O-O e5 7. Qd3 Be7 8.
Bg5 O-O 9. Bxd7 Nxd7 10. Bxe7 Qxe7 11. Nc3 Nc5 12. Nd5 Qd7 13. Qe3 b6 14. b4
Ne6 15. Nh4 Bb7 16. Rad1 Bxd5 17. Rxd5 Nf4 18. Rd2 Rac8 19. g3 Qh3 20. f3 g6
21. Rc1 Rfd8 22. c4 Ne6 23. Ng2 Nd4 24. Rxd4 exd4 25. Qxd4 Qh6 26. Ne3 Qg7 27.
Qd2 b5 28. cxb5 Rxc1+ 29. Qxc1 Qd4 30. Kg2 Qxb4 31. Qc7 Rf8 32. Nd5 Qb2+ 33.
Kh3 Qxb5 34. Qc3 Rb8 35. Nf6+ Kf8 36. Nxh7+ Ke7 37. Qf6+ Ke8 38. Ng5 Qd7+ 39.
Kh4 Qe7 40. Qh8+ Qf8 41. Qc3 Kd7 42. Qc4 Qh8+ 43. Kg4 f5+ 44. Kf4 Qe5+ 45. Ke3
Qc5+ 46. Qxc5 dxc5 47. exf5 gxf5 48. h4 Rb2 49. a4 Ke7 50. g4 Rb4 51. gxf5 Rxa4
52. Ne4 Ra3+ 53. Ke2 c4 54. h5 Ra5 55. f6+ Kf8 56. h6 Rh5 57. Ke3 Rxh6 58. Kd4
Rh3 59. f4 Rf3 60. Kxc4 Rxf4 61. Kd5 a5 62. Ke5 Rh4 63. Nc5 a4 64. Ke6 Rf4 65.
Ke5 Rb4 66. Ne6+ Ke8 67. Nc7+ Kf7 0-1

[Event "?"]
[Site "?"]
[Date "2004.03.25"]
[Round "5.8"]
[White "Houska, J."]
[Black "Arakhamia-Grant, K."]
[Result "0-1"]
[WhiteElo "2370"]
[BlackElo "2435"]
[PlyCount "168"]
[EventDate "2004.??.??"]

1. e4 c5 2. Nf3 e6 3. b3 b6 4. d4 cxd4 5. Nxd4 a6 6. Bd3 Qc7 7. Bb2 Nf6 8. c4
Bb7 9. Nd2 Bd6 10. Qe2 Be5 11. N2f3 d6 12. Nxe5 dxe5 13. Nf3 Nc6 14. Ba3 b5 15.
cxb5 axb5 16. Bb2 Qa5+ 17. Qd2 O-O 18. Qxa5 Rxa5 19. Nxe5 Nxe5 20. Bxe5 Nxe4
21. O-O Rfa8 22. b4 Rxa2 23. Bxb5 Bd5 24. f3 Nd2 25. Rxa2 Rxa2 26. Rc1 f6 27.
Rc8+ Kf7 28. Rc7+ Kg8 29. Bd6 e5 30. Rd7 Bc4 31. Bc6 Nb3 32. Bc5 Ra1+ 33. Kf2
Ra2+ 34. Kg3 f5 35. Rd8+ Kf7 36. Rf8+ Ke6 37. Re8+ Kf6 38. Be7+ Kf7 39. Bd6 f4+
40. Kh3 Be6+ 41. g4 fxg3+ 42. Kxg3 Nd4 43. Rf8+ Kg6 44. Be4+ Nf5+ 45. Bxf5+
Bxf5 46. Bxe5 Ra3 47. h4 Be6 48. Rd8 Rb3 49. Rd4 h5 50. Kf4 Kf7 51. Bd6 g6 52.
Bc5 Bh3 53. Rd5 Bf5 54. Rd6 Bh3 55. Rb6 Bg2 56. Be3 Bf1 57. Ke4 Bd3+ 58. Ke5
Bf5 59. Rb7+ Ke8 60. Kd4 Rd3+ 61. Ke5 Rxe3+ 62. Kf4 Rb3 63. b5 Kd8 64. b6 Kc8
65. Rc7+ Kb8 66. Rh7 Rxb6 67. Kg5 Kc8 68. Rg7 Kd8 69. Ra7 Bc2 70. Ra2 Bb1 71.
Ra5 Ke7 72. Ra7+ Ke6 73. Ra5 Bd3 74. Ra3 Rb5+ 75. Kh6 Bf5 76. Ra6+ Ke5 77. Kg5
Bd3 78. Ra3 Kd4+ 79. Kf4 Rf5+ 80. Kg3 Ke3 81. f4 Rc5 82. Ra1 Rc2 83. Re1+ Re2
84. Ra1 Rf2 0-1

[Event "?"]
[Site "?"]
[Date "2004.03.25"]
[Round "5.10"]
[White "Malysheva, P."]
[Black "Zielinska, M."]
[Result "0-1"]
[WhiteElo "2281"]
[BlackElo "2414"]
[PlyCount "62"]
[EventDate "2004.??.??"]

1. e4 d6 2. d4 Nf6 3. Nc3 Nc6 4. f3 e6 5. Be3 Be7 6. Qd2 a6 7. O-O-O b5 8. g4
Bb7 9. Nce2 Nd7 10. g5 Nb6 11. Ng3 d5 12. h4 Qd7 13. Kb1 O-O-O 14. Nh3 Kb8 15.
b3 Na7 16. Nf4 b4 17. Nd3 Nb5 18. Ne5 Na3+ 19. Kc1 Qe8 20. Nd3 Qb5 21. c3 Nbc4
22. bxc4 dxc4 23. Ne1 bxc3 24. Qxc3 Qb1+ 25. Kd2 Bb4 26. Rxb1 Nxb1+ 27. Kc2
Nxc3 28. Bxc4 Nb5 29. Kd3 Bxe1 30. Rxe1 Nxd4 31. Bxd4 c5 0-1

[Event "?"]
[Site "?"]
[Date "2004.03.25"]
[Round "5.11"]
[White "Slavina, I."]
[Black "Zaiatz, E."]
[Result "1-0"]
[WhiteElo "2413"]
[BlackElo "2333"]
[PlyCount "91"]
[EventDate "2004.??.??"]

1. e4 e5 2. Nf3 Nc6 3. Nc3 Nf6 4. g3 d5 5. exd5 Nxd5 6. Bg2 Nxc3 7. bxc3 Bd6 8.
O-O O-O 9. Rb1 b6 10. d4 exd4 11. cxd4 Bg4 12. Qd3 Ne7 13. d5 Qd7 14. Bb2 Rad8
15. Rfe1 f6 16. Nd4 Bc5 17. Qc4 Nxd5 18. Nb3 Kh8 19. Bxd5 Bxf2+ 20. Kxf2 Qf5+
21. Qf4 Rxd5 22. Qxf5 Rxf5+ 23. Kg1 c5 24. Re4 h5 25. Rf1 Rd5 26. Re7 a5 27. a4
Rfd8 28. Rb7 Re8 29. Bc3 Re2 30. Re1 Rxc2 31. Bxf6 Rd7 32. Rxd7 Bxd7 33. Bxg7+
Kg8 34. Bh6 c4 35. Nd4 Rb2 36. Nf3 c3 37. Nd4 Kf7 38. Rc1 Rb4 39. Ne2 Bxa4 40.
Rxc3 Bd1 41. Nf4 Rb2 42. Rc7+ Ke8 43. Bg5 Bg4 44. Re7+ Kf8 45. Ng6+ Kg8 46. Bf6
1-0

[Event "?"]
[Site "?"]
[Date "2004.03.25"]
[Round "5.14"]
[White "Djingarova, E."]
[Black "Dzagnidze, N."]
[Result "0-1"]
[WhiteElo "2344"]
[BlackElo "2457"]
[PlyCount "78"]
[EventDate "2004.??.??"]

1. e4 c5 2. Nf3 d6 3. Bb5+ Nd7 4. d4 cxd4 5. Qxd4 Ngf6 6. Bg5 a6 7. Bxd7+ Bxd7
8. O-O h6 9. Bxf6 gxf6 10. Nc3 e6 11. Rfe1 Be7 12. Rad1 Rc8 13. Qe3 h5 14. Qf4
b5 15. a3 a5 16. Rd2 Rc4 17. Qg3 Kf8 18. Nd4 b4 19. axb4 axb4 20. Nd5 exd5 21.
exd5 f5 22. Qe3 Rc5 23. Nb3 Rb5 24. Qf3 Bf6 25. Nd4 Bxd4 26. Rxd4 Qg5 27. Rc4
Kg7 28. Rc7 Re8 29. Ra1 Ra5 30. Rb1 Re7 31. h3 f4 32. Rc4 Rxd5 33. Rxb4 Rc5 34.
Rb6 Bf5 35. h4 Qxh4 36. Rxd6 Rxc2 37. Rf1 Be4 38. Qd1 Qg4 39. Qd4+ Kh7 0-1

[Event "?"]
[Site "?"]
[Date "2004.03.25"]
[Round "5.15"]
[White "Socko, M."]
[Black "Nill, J."]
[Result "1-0"]
[WhiteElo "2415"]
[BlackElo "2246"]
[PlyCount "107"]
[EventDate "2004.??.??"]

1. d4 d5 2. c4 e6 3. Nc3 c6 4. e3 Nf6 5. Bd2 Nbd7 6. Rc1 Bd6 7. c5 Bc7 8. f4
Ne4 9. Nxe4 dxe4 10. Bc4 Qh4+ 11. g3 Qh6 12. Ne2 O-O 13. O-O f5 14. b4 Nf6 15.
Nc3 Bd7 16. b5 Kh8 17. Rb1 b6 18. bxc6 Bxc6 19. Nb5 Bxb5 20. Rxb5 Rab8 21. Qe2
Ng8 22. Rc1 a6 23. cxb6 axb5 24. bxc7 bxc4 25. cxb8=Q Rxb8 26. Rxc4 Qh3 27. a4
h5 28. Bc1 Nf6 29. a5 h4 30. Qg2 Qg4 31. h3 Qd1+ 32. Qf1 Qb3 33. gxh4 Nd5 34.
Qe2 Kg8 35. Qc2 Qb7 36. Bd2 Kh7 37. Qd1 Qb5 38. Qc1 Qb3 39. Qc2 Qb5 40. Kf2 Qb7
41. Qd1 Qb5 42. Rc5 Qd3 43. Qe2 Qb3 44. a6 Nxf4 45. exf4 Qxh3 46. a7 Qh2+ 47.
Ke1 Qh1+ 48. Qf1 Qxh4+ 49. Kd1 Rd8 50. Be3 Qh2 51. Rc2 Qh5+ 52. Kc1 Qf7 53. Qa6
Ra8 54. d5 1-0

[Event "?"]
[Site "?"]
[Date "2004.03.25"]
[Round "5.16"]
[White "Bosboom-Lanchava, T."]
[Black "Foisor, C."]
[Result "0-1"]
[WhiteElo "2323"]
[BlackElo "2404"]
[PlyCount "88"]
[EventDate "2004.??.??"]

1. d4 e6 2. c4 c5 3. Nf3 cxd4 4. Nxd4 a6 5. g3 Qb6 6. Bg2 Nc6 7. Nb3 Bb4+ 8.
N1d2 Nf6 9. O-O O-O 10. Ne4 Nxe4 11. Bxe4 Be7 12. Be3 Qd8 13. Rc1 d6 14. f4 f5
15. Bg2 Bd7 16. Bf2 Rc8 17. e4 g6 18. Qd2 Rf7 19. Rfd1 fxe4 20. Bxe4 Bf8 21.
Bg2 Qf6 22. Bb6 h5 23. Rf1 Kh7 24. Be4 Re8 25. Qe2 Kg8 26. Qd3 Kh7 27. a3 d5
28. cxd5 exd5 29. Bxd5 Rfe7 30. Bf3 Ne5 31. Qd4 Nxf3+ 32. Rxf3 Qf5 33. Qd3 Qe6
34. Bc5 Bb5 35. Qd2 Rd7 36. Qf2 Qh3 37. Bxf8 Rxf8 38. Nd4 Rfd8 39. Rd1 Qg4 40.
Kg2 Rd6 41. a4 Bxa4 42. Rd2 Bc6 43. f5 Rxd4 44. fxg6+ Kxg6 0-1

[Event "?"]
[Site "?"]
[Date "2004.03.25"]
[Round "5.18"]
[White "Muzychuk, A."]
[Black "Calzetta Ruiz, M."]
[Result "1-0"]
[WhiteElo "2367"]
[BlackElo "2291"]
[PlyCount "129"]
[EventDate "2004.??.??"]

1. e4 c5 2. c3 Nf6 3. e5 Nd5 4. g3 d6 5. exd6 e6 6. Bg2 Bxd6 7. Nf3 O-O 8. O-O
Nc6 9. d4 b6 10. c4 Nde7 11. Nc3 Bb7 12. Nb5 Nxd4 13. Nfxd4 Bxg2 14. Nxe6 fxe6
15. Kxg2 Be5 16. Qe2 Ng6 17. h4 Rf5 18. Bg5 Rxg5 19. hxg5 Qxg5 20. Qe4 Rf8 21.
Rae1 Nf4+ 22. Kh1 Qh5+ 23. Kg1 Nh3+ 24. Kg2 Ng5 25. Rh1 Rxf2+ 26. Kg1 Qe8 27.
Qxe5 Nf3+ 28. Kxf2 Nxe5 29. Rxe5 Qg6 30. Rhe1 Qc2+ 31. R1e2 Qxc4 32. Nc3 b5 33.
R5e4 Qd3 34. Rxe6 b4 35. Ne4 Qd4+ 36. Kf1 Qd1+ 37. Kf2 Qd4+ 38. Kf3 Qd5 39.
Re8+ Kf7 40. Kf4 h6 41. Re7+ Kg8 42. Rxa7 Qd8 43. Kf3 c4 44. Rd2 Qf8+ 45. Ke3
Qf1 46. Rdd7 Qc1+ 47. Kf3 Qh1+ 48. Kf4 Qc1+ 49. Kf5 Qxb2 50. Rxg7+ Qxg7 51.
Rxg7+ Kxg7 52. Kf4 Kg6 53. Ke3 h5 54. Kd4 Kf5 55. Kxc4 Kxe4 56. Kxb4 Kf3 57. a4
Kxg3 58. a5 h4 59. a6 h3 60. a7 Kg2 61. a8=Q+ Kg1 62. Qg8+ Kh1 63. Qd5+ Kg1 64.
Qd1+ Kg2 65. Qg4+ 1-0

[Event "?"]
[Site "?"]
[Date "2004.03.25"]
[Round "5.19"]
[White "Ovod, E."]
[Black "Zakurdjaeva, I."]
[Result "0-1"]
[WhiteElo "2357"]
[BlackElo "2244"]
[PlyCount "88"]
[EventDate "2004.??.??"]

1. d4 d5 2. c4 e6 3. Nc3 c6 4. Nf3 dxc4 5. e3 b5 6. a4 Bb4 7. Bd2 a5 8. axb5
Bxc3 9. Bxc3 cxb5 10. b3 Bb7 11. bxc4 b4 12. Bb2 Nf6 13. Bd3 Nbd7 14. O-O O-O
15. Nd2 e5 16. Bc2 Qc7 17. Ba4 Nb6 18. Bb5 a4 19. Rc1 Rfd8 20. Qe2 Ne4 21. Nxe4
Bxe4 22. f3 Bg6 23. Ba1 Qe7 24. c5 Nd5 25. dxe5 b3 26. Bc6 Ra7 27. Bxd5 Rxd5
28. e4 Rxc5 29. Bd4 Rxc1 30. Rxc1 Rc7 31. Rxc7 Qxc7 32. Qb2 Qc4 33. Bc3 h5 34.
e6 a3 35. exf7+ Bxf7 36. Qd2 Qc5+ 37. Kh1 Qb5 38. h4 b2 39. Qd4 b1=Q+ 40. Kh2
Qb8+ 41. e5 Q8b6 42. Qd7 Q1g1+ 43. Kg3 Qbf2+ 44. Kf4 Qc1+ 0-1

[Event "?"]
[Site "?"]
[Date "2004.03.25"]
[Round "5.20"]
[White "Kovalevskaya, E."]
[Black "Sharevich, A."]
[Result "1-0"]
[WhiteElo "2451"]
[BlackElo "2236"]
[PlyCount "77"]
[EventDate "2004.??.??"]

1. e4 c5 2. Nc3 e6 3. Nge2 a6 4. g3 Nc6 5. Bg2 g6 6. d4 cxd4 7. Nxd4 Bg7 8. Be3
Ne5 9. O-O Ne7 10. Qe2 Qc7 11. f4 N5c6 12. Nxc6 Nxc6 13. Rad1 O-O 14. Bc5 Re8
15. Qe3 f6 16. Bb6 Qb8 17. Qc5 Bf8 18. Qf2 Be7 19. h4 d6 20. Na4 Bd7 21. Be3 b5
22. Nb6 Ra7 23. e5 d5 24. Nxd5 exd5 25. Bxd5+ Kg7 26. Bxc6 Bxc6 27. Bxa7 Qc8
28. Bd4 Qh3 29. Qh2 Qe6 30. exf6+ Bxf6 31. Bxf6+ Kxf6 32. Qf2 Qe4 33. Qd4+ Kf5
34. Qxe4+ Rxe4 35. Rfe1 Rc4 36. c3 Kg4 37. Kf2 Ba8 38. Re8 Bf3 39. Rd4 1-0

[Event "?"]
[Site "?"]
[Date "2004.03.25"]
[Round "5.21"]
[White "Zhukova, N."]
[Black "Richards, H."]
[Result "1-0"]
[WhiteElo "2462"]
[BlackElo "2236"]
[PlyCount "73"]
[EventDate "2004.??.??"]

1. d4 e6 2. c4 f5 3. a3 Nf6 4. Nc3 Be7 5. Nf3 O-O 6. g3 d6 7. Bg2 Qe8 8. O-O
Qh5 9. b4 a5 10. b5 Nbd7 11. a4 e5 12. dxe5 dxe5 13. Nd5 Bd8 14. Ba3 Re8 15.
Nxf6+ Bxf6 16. e4 f4 17. c5 g5 18. Nd2 Qh6 19. Nc4 Nf8 20. b6 Be6 21. Qe2 cxb6
22. Nxb6 Rad8 23. Nd5 Bg7 24. Rab1 g4 25. f3 Bxd5 26. exd5 e4 27. fxe4 Bd4+ 28.
Kh1 f3 29. Bxf3 gxf3 30. Qxf3 Rd7 31. Rb5 Ng6 32. c6 bxc6 33. dxc6 Rc7 34. Bd6
Rcc8 35. c7 Be5 36. Bxe5 Rf8 37. Qb3+ 1-0

[Event "?"]
[Site "?"]
[Date "2004.03.25"]
[Round "5.22"]
[White "Radziewicz, I."]
[Black "Jelica, M."]
[Result "0-1"]
[WhiteElo "2442"]
[BlackElo "2222"]
[PlyCount "202"]
[EventDate "2004.??.??"]

1. d4 Nf6 2. c4 g6 3. Nf3 Bg7 4. Nc3 d6 5. Bg5 h6 6. Bh4 Nbd7 7. e3 O-O 8. Be2
c6 9. Qc2 a6 10. Nd2 b5 11. Bf3 b4 12. Na4 Qc7 13. Bg3 e5 14. c5 d5 15. Nb6
Nxb6 16. Bxe5 Qb7 17. cxb6 Qxb6 18. Rc1 Bd7 19. Nb3 Rfc8 20. Qc5 Qxc5 21. Nxc5
Bf5 22. Bxf6 Bxf6 23. Kd2 Be7 24. Be2 a5 25. Na4 Rab8 26. b3 Kf8 27. g4 Bd7 28.
h4 Bd6 29. f4 Kg7 30. Bf3 Re8 31. Nb2 Re7 32. Nd3 Ra8 33. g5 h5 34. Bd1 Be8 35.
Ne5 Rc7 36. Rf1 Rac8 37. Bf3 Rd8 38. Nd3 f5 39. Rc2 Kf7 40. Rfc1 Ke6 41. Nb2
Rdc8 42. Rc5 Bxc5 43. Rxc5 Kd6 44. Rxa5 Rb8 45. Nd3 Rcb7 46. Be2 Rb5 47. Ra4
R5b7 48. Nc5 Re7 49. Na6 Ra8 50. Rxb4 Bd7 51. a4 Rae8 52. Nc5 Rxe3 53. Bd3 Rh3
54. Rb7 Re7 55. a5 Bc8 56. Rb8 Kc7 57. Ra8 Rxh4 58. Kc3 Rxf4 59. a6 Bxa6 60.
Nxa6+ Kb6 61. Rg8 Rh7 62. Rxg6 h4 63. Nb4 Kb7 64. Rf6 h3 65. g6 h2 66. Rf7+
Rxf7 67. gxf7 h1=Q 68. f8=Q Qa1+ 69. Kd2 Rf2+ 70. Be2 Qb2+ 71. Nc2 Rxe2+ 72.
Kxe2 Qxc2+ 73. Kf3 Qe4+ 74. Kg3 Qg4+ 75. Kh2 Qxd4 76. Qe7+ Ka6 77. Qc7 Qb2+ 78.
Kh1 Qc1+ 79. Kg2 f4 80. Qc8+ Kb5 81. Qb7+ Kc5 82. Qe7+ Kd4 83. Qf6+ Kd3 84.
Qg6+ Kd2 85. Qf6 Kd1 86. Kf1 Kc2+ 87. Kg2 Kxb3 88. Qf7 Qd2+ 89. Kf1 c5 90. Qb7+
Kc2 91. Qa7 c4 92. Qa4+ Kd3 93. Qb5 Qe2+ 94. Kg1 Qe3+ 95. Kf1 Qf3+ 96. Kg1 Qg4+
97. Kf2 Qe2+ 98. Kg1 d4 99. Qb1+ Ke3 100. Qc1+ Kf3 101. Qa3+ Qe3+ 0-1

[Event "?"]
[Site "?"]
[Date "2004.03.25"]
[Round "5.24"]
[White "Hamelink, D."]
[Black "Khurtsidze, N."]
[Result "1/2-1/2"]
[WhiteElo "2185"]
[BlackElo "2411"]
[PlyCount "115"]
[EventDate "2004.??.??"]

1. e4 d5 2. exd5 Qxd5 3. Nc3 Qa5 4. d4 c6 5. Bc4 Bf5 6. Nf3 e6 7. Qe2 Nf6 8.
Bd2 Qc7 9. O-O-O Be7 10. Ne5 Nbd7 11. h3 b5 12. Bb3 Nxe5 13. dxe5 Nd7 14. g4
Bg6 15. f4 a5 16. f5 a4 17. Bxe6 fxe6 18. fxg6 b4 19. Ne4 Qxe5 20. c3 a3 21. b3
hxg6 22. Qd3 Qd5 23. Qc2 c5 24. Bf4 Qc6 25. Nd6+ Bxd6 26. Qxg6+ Kd8 27. Bxd6
Qg2 28. Rh2 Qf3 29. Qxe6 Qxc3+ 30. Kb1 Ra7 31. Be5 Qf3 32. Rhd2 Qe4+ 33. Ka1
Qb7 34. Rxd7+ Qxd7 35. Rxd7+ Rxd7 36. Qb6+ Ke8 37. Qe6+ Kd8 38. Qb6+ Ke8 39.
Kb1 Rxh3 40. Qxc5 Rd2 41. Qxb4 Kf7 42. Qc4+ Ke8 43. Qg8+ Kd7 44. Qxg7+ Ke8 45.
Qg8+ Kd7 46. Qf7+ Kd8 47. Bf6+ Kc8 48. Qe6+ Kc7 49. Be5+ Kd8 50. Qb6+ Kd7 51.
Qb7+ Ke6 52. Bf4 Rb2+ 53. Ka1 Re2 54. Qc6+ Kf7 55. Qd5+ Ke8 56. Qc6+ Kf7 57.
Qd5+ Ke8 58. Qc6+ 1/2-1/2

[Event "?"]
[Site "?"]
[Date "2004.03.25"]
[Round "5.25"]
[White "Zimina, O."]
[Black "Andersson, C."]
[Result "1-0"]
[WhiteElo "2408"]
[BlackElo "2196"]
[PlyCount "89"]
[EventDate "2004.??.??"]

1. e4 e6 2. d4 d5 3. Nd2 Nf6 4. e5 Nfd7 5. f4 c5 6. c3 Nc6 7. Ndf3 Qb6 8. Ne2
cxd4 9. cxd4 Bb4+ 10. Nc3 O-O 11. Bd3 f6 12. a3 Be7 13. Na4 Qd8 14. O-O Nb6 15.
Nc3 Bd7 16. Be3 Be8 17. exf6 Bxf6 18. Ne5 Bxe5 19. fxe5 Rxf1+ 20. Qxf1 Qh4 21.
g3 Qg4 22. Be2 Qg6 23. Nb5 Qe4 24. Qf2 Bg6 25. Rf1 Nd7 26. Bf3 Qf5 27. Nd6 Qf8
28. Nxb7 Rb8 29. Nd6 Ndxe5 30. dxe5 Nxe5 31. Bc5 Nd3 32. Qe3 Qe7 33. a4 Nxc5
34. Qxc5 Rd8 35. Ne4 Qd7 36. Ng5 h6 37. Nh3 Qxa4 38. Nf4 Bf7 39. Nd3 Qa6 40.
Ne5 Be8 41. Bxd5 Rxd5 42. Rf8+ Kh7 43. Qc2+ g6 44. Qc7+ Bd7 45. Rf7+ 1-0

[Event "?"]
[Site "?"]
[Date "2004.03.25"]
[Round "5.26"]
[White "Mamedjarova, Z."]
[Black "Aginian, N."]
[Result "1-0"]
[WhiteElo "2341"]
[BlackElo "2189"]
[PlyCount "95"]
[EventDate "2004.??.??"]

1. d4 d5 2. c4 c6 3. Nf3 Nf6 4. Qb3 dxc4 5. Qxc4 Bf5 6. Nc3 Nbd7 7. g3 e6 8.
Bg2 h6 9. O-O Be7 10. e3 O-O 11. Qe2 c5 12. e4 Bh7 13. e5 Ne8 14. d5 exd5 15.
Nxd5 Nc7 16. Nxc7 Qxc7 17. e6 Nb6 18. a4 Bf6 19. a5 Nd5 20. Ng5 Bxg5 21. Bxd5
Rad8 22. Bf4 Qe7 23. exf7+ Kh8 24. Qxe7 Bxe7 25. Rad1 Bc2 26. Rd2 Bg6 27. Bxb7
Rxf7 28. Bd5 Rff8 29. Be3 Rd7 30. Bc4 Rxd2 31. Bxd2 Bf6 32. b3 Rd8 33. Be3 Bc3
34. Bxc5 Bxa5 35. Bxa7 Bc2 36. Rc1 Be4 37. Be3 Bf3 38. Be6 Bb7 39. h4 Rd6 40.
Bc4 Bf3 41. Bf1 Kh7 42. Bg2 Bd1 43. Be4+ g6 44. Bf4 Rd8 45. b4 Bxb4 46. Rc7+
Kg8 47. Bxg6 Bf3 48. Bh7+ 1-0

[Event "?"]
[Site "?"]
[Date "2004.03.25"]
[Round "5.28"]
[White "Krivec, J."]
[Black "Bensdorp, M."]
[Result "1/2-1/2"]
[WhiteElo "2301"]
[BlackElo "2161"]
[PlyCount "116"]
[EventDate "2004.??.??"]

1. e4 e6 2. d4 d5 3. Nd2 Nf6 4. e5 Nfd7 5. Bd3 c5 6. c3 Nc6 7. Ne2 cxd4 8. cxd4
f6 9. Nf4 Qe7 10. Qh5+ Qf7 11. Bg6 hxg6 12. Qxh8 Nxd4 13. O-O Nxe5 14. Nb3 Nxb3
15. axb3 g5 16. Ne2 Ng6 17. Qh3 Bd7 18. Qe3 b6 19. Nc3 Bc5 20. Qe2 Bc6 21. b4
Bxb4 22. Nxd5 Bd6 23. Nc3 Be5 24. Qc4 Ne7 25. Nb5 a6 26. Nd4 Bd5 27. Qb4 Qh5
28. f4 gxf4 29. Bxf4 Bxd4+ 30. Qxd4 e5 31. Qxb6 exf4 32. Rae1 Qg4 33. Rf2 f3
34. Qc5 Qd7 35. gxf3 Bxf3 36. Rxf3 Kf8 37. Rfe3 Re8 38. Qb6 Qg4+ 39. Kh1 Qd7
40. Qc5 Qb7+ 41. Kg1 Qd7 42. Re6 Qa4 43. b4 Qd7 44. R1e2 Qd1+ 45. Kg2 Qd7 46.
h3 Qb7+ 47. Kh2 Qb8+ 48. Qd6 Qxd6+ 49. Rxd6 Rb8 50. Rxa6 Nd5 51. Ra7 Rxb4 52.
Rd2 Rb5 53. Rd7 Ne7 54. Ra2 Re5 55. Ra8+ Kf7 56. Raa7 Re3 57. Kg2 Re2+ 58. Kf3
Re1 1/2-1/2

[Event "?"]
[Site "?"]
[Date "2004.03.25"]
[Round "5.30"]
[White "Muhren, B."]
[Black "Dragomirescu, A."]
[Result "0-1"]
[WhiteElo "2135"]
[BlackElo "2288"]
[PlyCount "114"]
[EventDate "2004.??.??"]

1. e4 d6 2. d4 Nf6 3. Nc3 g6 4. f4 Bg7 5. Nf3 O-O 6. Be3 b6 7. Bd3 Bb7 8. Qe2
c5 9. O-O-O cxd4 10. Bxd4 Qc8 11. Bxf6 Bxf6 12. e5 dxe5 13. fxe5 Bg7 14. Bc4
Ba6 15. Rd4 Bxc4 16. Rxc4 Qe6 17. Nb5 Na6 18. Nbd4 Qd7 19. h4 Nc5 20. h5 Rac8
21. Kb1 b5 22. Rc3 b4 23. Re3 Ne6 24. Nxe6 Qxe6 25. hxg6 hxg6 26. Re4 Rc5 27.
Qf2 Ra5 28. b3 Rc8 29. Rxb4 Rxe5 30. Nd4 Qd7 31. Rf1 e6 32. Qf3 Rd5 33. Ne2
Rd1+ 34. Nc1 Rxf1 35. Qxf1 Qd2 36. Rc4 Rxc4 37. Qxc4 Qxg2 38. Qc5 Qb7 39. a4 f5
40. a5 g5 41. Qd6 Kf7 42. Nd3 Qh1+ 43. Nc1 Qb7 44. Nd3 f4 45. a6 Qh1+ 46. Nc1
Qg1 47. Qd7+ Kf6 48. Qd8+ Kf5 49. Qd3+ Kg4 50. Qd7 Qd4 51. Qxe6+ Kh4 52. Qe1+
Kh3 53. Qf1+ Kg4 54. Qe2+ f3 55. Qe6+ Kg3 56. Qe1+ Kg2 57. c3 Qxc3 0-1

[Event "?"]
[Site "?"]
[Date "2004.03.25"]
[Round "5.31"]
[White "Czaeczine, A."]
[Black "Smokina, K."]
[Result "1-0"]
[WhiteElo "2153"]
[BlackElo "2278"]
[PlyCount "97"]
[EventDate "2004.??.??"]

1. e4 c5 2. Nf3 Nc6 3. d4 cxd4 4. Nxd4 e5 5. Nb5 d6 6. N1c3 a6 7. Na3 b5 8. Nd5
Nf6 9. c4 Nd4 10. Bg5 Be7 11. Bxf6 Bxf6 12. cxb5 O-O 13. Bc4 Qa5+ 14. Qd2 axb5
15. Bd3 Qxd2+ 16. Kxd2 Bg5+ 17. Ke1 Rb8 18. Nc2 Nxc2+ 19. Bxc2 Be6 20. Bb3 Rfc8
21. Rd1 Rc5 22. h4 Bd8 23. Ke2 Rbc8 24. g3 g6 25. Rd3 Kg7 26. Rhd1 f5 27. Ne3
Bxb3 28. axb3 f4 29. Rxd6 fxe3 30. Rxd8 Rxd8 31. Rxd8 exf2 32. Rd2 Kf6 33. Kxf2
Ke6 34. Kf3 Rc7 35. Rd5 Rb7 36. b4 Rb8 37. Kg4 h6 38. Rc5 Rb6 39. h5 g5 40. Rc7
Rd6 41. Rh7 Rd4 42. Rxh6+ Kf7 43. Kxg5 Rxe4 44. Rg6 Rxb4 45. h6 Rd4 46. h7 Rd8
47. Rg8 Rxg8+ 48. hxg8=Q+ Kxg8 49. Kf5 1-0

[Event "?"]
[Site "?"]
[Date "2004.03.25"]
[Round "5.32"]
[White "Chasovnikova, E."]
[Black "Vogel, H."]
[Result "1-0"]
[WhiteElo "2277"]
[BlackElo "2152"]
[PlyCount "85"]
[EventDate "2004.??.??"]

1. e4 c5 2. Nf3 Nc6 3. d4 cxd4 4. Nxd4 Nf6 5. Nc3 e5 6. Ndb5 d6 7. Bg5 a6 8.
Na3 b5 9. Bxf6 gxf6 10. Nd5 f5 11. Bxb5 axb5 12. Nxb5 Qa5+ 13. c3 Qa4 14. b3
Qxe4+ 15. Kf1 Kd8 16. Nf6 Qh4 17. Nxd6 Ba6+ 18. Nc4+ Nd4 19. cxd4 Bxc4+ 20.
bxc4 Qxd4 21. f4 Bd6 22. Qxd4 exd4 23. g3 Ra4 24. Ke2 Rxc4 25. Rac1 Rxc1 26.
Rxc1 Ke7 27. Nd5+ Ke6 28. Nb6 Ba3 29. Rc6+ Ke7 30. Kd3 Rd8 31. Nc4 Bb4 32. Ne5
f6 33. Nf3 Ra8 34. Nxd4 Rxa2 35. Rc7+ Kd6 36. Rxh7 Bc5 37. Nxf5+ Ke6 38. Nd4+
Kd5 39. Rd7+ Bd6 40. Nb5 Rxh2 41. Rxd6+ Kc5 42. Rxf6 Rg2 43. Rf5+ 1-0